000
00305nam a22001337a 4500
008
221104b ||||| |||| 00| 0 eng d
041
_a
eng
080
_2
SECOND EDITION
_a
004
082
_a
004 MEM
100
_a
331
101
_a
BURIME
245
_a
DISCOVERING ARGUMENTS
_c
MEMERING D
942
_2
udc
_c
BK
999
_c
58731
_d
58731